[Event "SLO-ch qual"]
[Site "Sentjur"]
[Date "2008.07.12"]
[Round "9"]
[White "Zoric, Darko"]
[Black "Gracnar, David"]
[Result "1/2-1/2"]
[WhiteElo "1592"]
[BlackElo "1558"]
[PlyCount "70"]
[EventDate "2008.07.03"]
[EventType "swiss"]
[EventRounds "9"]
[EventCountry "SLO"]
[SourceTitle "EXT 2010"]
[Source "ChessBase"]
[SourceDate "2010.11.25"]
[SourceVersion "1"]
[SourceVersionDate "2010.11.25"]
[SourceQuality "1"]

1. d4 d5 2. c4 c6 3. e3 Nf6 4. Nc3 Bf5 5. cxd5 cxd5 6. Nf3 a6 7. Be2 g6 8. Nh4 Bd7 9. 0-0 Bg7 10. Qb3 Bc6 11. Nf3 Nbd7 12. Ne5 Nxe5 13. dxe5 Ne4 14. f4 Nxc3 15. Qxc3 0-0 16. Bf3 e6 17. Qc2 Rc8 18. Qf2 Qe7 19. b3 Rfd8 20. Bb2 Rc7 21. Bd4 Bb5 22. Rfc1 Rdc8 23. Qe1 Rxc1 24. Rxc1 Rxc1 25. Qxc1 Qd7 26. a4 Bc6 27. h3 Bf8 28. Bc5 Be7 29. Qa3 Kf8 30. Qc1 Qc7 31. Qc2 b6 32. Bd4 a5 33. e4 Bd8 34. exd5 Bxd5 35. Qd1 Qc6 1/2-1/2

[Event "SLO-ch qual"]
[Site "Sentjur"]
[Date "2008.07.03"]
[Round "1"]
[White "Gracnar, David"]
[Black "Plahuta, Darko"]
[Result "0-1"]
[WhiteElo "1558"]
[BlackElo "2113"]
[PlyCount "40"]
[EventDate "2008.07.03"]
[EventType "swiss"]
[EventRounds "9"]
[EventCountry "SLO"]
[SourceTitle "EXT 2010"]
[Source "ChessBase"]
[SourceDate "2010.11.25"]
[SourceVersion "1"]
[SourceVersionDate "2010.11.25"]
[SourceQuality "1"]

1. e4 e6 2. d4 d5 3. exd5 exd5 4. Bd3 Nf6 5. Ne2 Bd6 6. 0-0 0-0 7. Bg5 Bxh2+ 8. Kh1 Bd6 9. Nbc3 c6 10. Re1 Ng4 11. Bxd8 Nxf2+ 12. Kg1 Nxd1 13. Raxd1 Rxd8 14. a3 Bg4 15. Rf1 Nd7 16. Rd2 Nf6 17. Nf4 Re8 18. Rdf2 Re7 19. Be2 Bxf4 20. Bxg4 Be3 0-1